| 000 | 00467nam a22001937a 4500 | ||
|---|---|---|---|
| 003 | MPLRDC | ||
| 005 | 20220104144535.0 | ||
| 008 | 210129b ||||| |||| 00| 0 eng d | ||
| 020 | _a983-147-133-4 | ||
| 082 | _a859.61 DY v.2 | ||
| 100 | _a不详 | ||
| 245 |
_a包青天断奇案, 下册 _c |
||
| 250 | _a初版 | ||
| 260 |
_a _b东阳 _c2001 |
||
| 300 | _b平 | ||
| 490 | _a儿童古典文学 | ||
| 650 | _a儿童故事--包青天 | ||
| 942 |
_cBK _o859.61 DY v.2 |
||
| 999 |
_c50617 _d50607 |
||